| 000 | 00688nam a22002177a 4500 | ||
|---|---|---|---|
| 999 |
_c1656 _d1656 |
||
| 003 | AR-CdUCM | ||
| 008 | 190227b ||||| |||| 00| 0 esp d | ||
| 020 | _aISBN | ||
| 040 |
_aMUNICIPALIDAD PROVINCIAL DEL CUSCO _cBIBLIOTECA MUNICIPAL DEL CUSCO |
||
| 082 |
_a869.56 / _bH632 |
||
| 100 |
_aHidalgo, Alberto _95809 |
||
| 245 |
_aAnivegral / _cAlberto Hidalgo. |
||
| 260 |
_aBuenos Aires : _bMia, _c1952. |
||
| 300 |
_a59 paginas ; _c19 cm. |
||
| 505 | _aHombre definitivo -- Contrición -- Imposible muerte -- Cielo renunciado ... | ||
| 650 |
_aMuchedumbre. _96164 |
||
| 650 |
_aAlba baja. _96165 |
||
| 650 |
_aDesesperación. _96166 |
||
| 942 |
_2ddc _cLIBROS |
||
| 945 |
_aacrt _d2019-02-27 |
||